000 00683nam a22002417a 4500
003 dpl
005 20180810152917.0
008 180810b xxu||||| |||| 00| 0 eng d
010 _aA-597047
016 _aA-597047
020 _a818567499-X
035 _aA-597047
037 _bBPPD/PUB
040 _aDPL
_bEN
_c0
082 _a260.33
_bDUG
100 _aDuggal.K.S
245 _asikh gurus :
_cby Vivek Ranjan Bhattacharya
_bTheir lives and teachings /
246 _b
260 _bUBS publishers distributors ltd.
_c1993
_aNew delhi
270 _b New delhi
_a5 Ansari road
_e110002
300 _aix, 251p.
_c21cm(Hb)
942 _2ddc
_cEN
_h260.33
_mDUG
999 _c155758
_d155758